Návrh manipulátora pre zabudovanie panoramatickej strechy do karosérie vozidla

Enregistré dans:
Détails bibliographiques
Auteur principal: Urminský, Gabriel (Auteur)
Autres auteurs: Holubek, Radovan (Directeur de thèse)
Format: Manuscrit Livre
Langue:slovaque
Publié: 2025
Sujets:
Accès en ligne:http://is.stuba.sk/zp/portal_zp.pl?podrobnosti=184014
Tags: Ajouter un tag
Pas de tags, Soyez le premier à ajouter un tag!

MARC

LEADER 00000ntm a22000003a 4500
001 stuzp103511
003 SK-STU
005 20250614212030.0
007 ta
008 150427s2015----xo-----f-mn---000-0-slo-d
040 |a STU  |b slo 
041 0 |a slo 
100 1 |a Urminský, Gabriel  |u 063000  |4 aut  |U MTF Materiálovotechnologická fakulta  |T MTF Ústav výrobných technológií  |X 111680  |U M3000  |Y 83  |7 111680 
242 0 1 |a Design of a manipulator for the installation of a panoramic roof in the vehicle body  |y eng 
245 1 0 |a Návrh manipulátora pre zabudovanie panoramatickej strechy do karosérie vozidla 
260 |c 2025 
650 4 |a Material handling  |2 eng 
650 4 |a Panoramic sunroof  |2 eng 
650 4 |a Fusion 360  |2 eng 
650 4 |a Industrial manipulator  |2 eng 
650 4 |a Fusion 360  |2 slo 
650 4 |a Manipulácia s materiálom  |2 slo 
650 4 |a Manipulátor  |2 slo 
650 4 |a Panoramatická strecha  |2 slo 
700 1 |a Holubek, Radovan  |u 063800  |k Z1  |4 ths  |U MTF Ústav výrobných technológií  |T MTF Katedra výrobných zariadení a systémov  |X 4311  |U M3800  |Y 660  |7 A000004311 
856 4 |u http://is.stuba.sk/zp/portal_zp.pl?podrobnosti=184014 
996 |c M* DP-15663  |l MMSKP  |s P  |a 0  |w stuzp103511_0001